| 000 | 02046nam a22005297a 4500 | ||
|---|---|---|---|
| 001 | 316 | ||
| 003 | FISKH | ||
| 005 | 20230321082404.0 | ||
| 008 | 230321b cb ||||| |||| 00| 0 eng d | ||
| 010 | _a 2010278893 | ||
| 020 | _a9780545150590 | ||
| 020 | _a0545150590 | ||
| 035 | _a(OCoLC)ocn429027370 | ||
| 040 |
_aBTCTA _cBTCTA _dJQD _dYEQ _dUPZ _dF4L _dXY4 _dDLC _dFISKH _beng |
||
| 041 | 1 |
_aeng _hita |
|
| 042 | _alccopycat | ||
| 050 | 0 | 0 |
_aPZ7 _b.T338 2010 |
| 082 | 0 | 0 |
_a464 _222 |
| 100 | 1 |
_aDami, Elisabetta _d1958- |
|
| 240 | 1 | 0 |
_aVascello fantasma. _lEnglish |
| 245 | 1 | 0 |
_aThea Stilton and the ghost of the shipwreck / _c[text by Thea Stilton ; illustrations by Maria Abagnale ... et al.]. |
| 246 | 1 |
_iAt head of title: _aGeronimo Stilton |
|
| 260 |
_aNew York _bScholastic _c2010. |
||
| 300 |
_a157 p. : _bcol. ill. ; _c20 cm. |
||
| 500 | _a"English translation ... by Atlantyca S.p.A."--T.p. verso. | ||
| 505 | _aM | ||
| 520 | _aWhile five little mice at Mouseford Academy are looking for their missing biology professor, they dive to a haunted shipwreck off Whale Island to find a rare diamond that was lost when the ship sank. | ||
| 521 | 0 |
_a700
_bLexile |
|
| 521 | 1 |
_aM
_bRaz-Plus |
|
| 600 | 1 | 0 |
_aDami, Elisabetta _vJuvenile fiction. |
| 650 | 0 |
_aMice _vJuvenile fiction. |
|
| 650 | 0 |
_aShipwrecks _vJuvenile fiction. |
|
| 650 | 0 |
_aTeachers _vJuvenile fiction. |
|
| 650 | 0 |
_aMissing persons _vJuvenile fiction. |
|
| 650 | 1 |
_aMice _vFiction. |
|
| 650 | 1 |
_aShipwrecks _vFiction. |
|
| 650 | 1 |
_aTeachers _vFiction. |
|
| 650 | 1 |
_aSchools _vFiction. |
|
| 650 | 1 |
_aMissing persons _vFiction. |
|
| 650 | 1 |
_aVoyages and travels _vFiction. |
|
| 650 | 1 | _aMystery and detective stories. | |
| 700 | 1 |
_aAbagnale, Maria, _d1984- |
|
| 856 | 4 | 2 |
_3Publisher description _uhttp://www.loc.gov/catdir/enhancements/fy1116/2010278893-d.html |
| 856 | 4 | 2 |
_3Contributor biographical information _uhttp://www.loc.gov/catdir/enhancements/fy1301/2010278893-b.html |
| 906 |
_a7 _bcbc _ccopycat _d2 _encip _f20 _gy-gencatlg |
||
| 942 |
_2ddc _cBK _n0 |
||
| 999 |
_c316 _d316 |
||